书目信息 |
| 题名: |
非常李咏
|
|
| 作者: | 刘琼雄 , 楼河 编著 | |
| 分册: | ||
| 出版信息: | 北京 京华出版社 2006.02 |
|
| 页数: | 201页 | |
| 开本: | 23cm | |
| 丛书名: | ||
| 单 册: | ||
| 中图分类: | K825.78 | |
| 科图分类: | ||
| 主题词: | ||
| 电子资源: | ||
| ISBN: | 7-80724-218-3 | |
| 000 | 00905nam0 2200265 450 | |
| 001 | 012007362422 | |
| 005 | 20071008153532.40 | |
| 010 | @a7-80724-218-3@dCNY29.80 | |
| 100 | @a20070803d2006 km y0chiy0120 ea | |
| 101 | 0 | @achi |
| 102 | @aCN@b110000 | |
| 105 | @aa z 000yb | |
| 200 | 1 | @a非常李咏@Afei chang li yong@d= Album of Li Yong@e我就是央视的娱乐底线@zeng |
| 210 | @a北京@c京华出版社@d2006.02 | |
| 215 | @a201页@c图@d23cm | |
| 314 | @a编著: 刘琼雄, 楼河 | |
| 330 | @a本书包括“为什么是李咏”、“从《幸运52》到《非常6+1》”、“《梦想中国》PK《超级女声》”、“与哈文的朝朝暮暮”等章节。 | |
| 510 | 1 | @aAlbum of Li Yong@zeng |
| 517 | 1 | @a我就是央视的娱乐底线@Awo jiu shi yang shi de yu le di xian |
| 600 | 0 | @a李咏@Ali yong@x生平事迹 |
| 690 | @aK825.78@v4 | |
| 701 | 0 | @a刘琼雄@Aliu qiong xiong@4编著 |
| 701 | 0 | @a楼河@Alou he@4编著 |
| 801 | 0 | @aCN@c20071008 |
| 905 | @dK825.78@eL322 | |
| 非常李咏= Album of Li Yong:我就是央视的娱乐底线.-北京:京华出版社,2006.02 |
| 201页:图;23cm |
| ISBN 7-80724-218-3:CNY29.80 |
| 本书包括“为什么是李咏”、“从《幸运52》到《非常6+1》”、“《梦想中国》PK《超级女声》”、“与哈文的朝朝暮暮”等章节。 |
| ● |
| 相关链接 |
|
|
|
正题名:非常李咏
索取号:K825.78/L322
 
预约/预借
| 序号 | 登录号 | 条形码 | 馆藏地/架位号 | 状态 | 备注 |
| 1 | 251646 | 202516465 | 社科库309/309社科库 54排5列5层/ [索取号:K825.78/L322] | 在馆 | |
| 2 | 251647 | 202516474 | 社科库309/309社科库 54排5列4层/ [索取号:K825.78/L322] | 在馆 |